[Event "21st Hoogeveen op"]
[Site "Hoogeveen NED"]
[Date "2017.10.27"]
[Round "8.32"]
[White "French, Max"]
[Black "Den Dunnen, Lola"]
[Result "1-0"]
[WhiteElo "1991"]
[BlackElo "1862"]
[EventDate "2017.10.21"]
[PlyCount "127"]

1.d4 Nf6 2.c4 e6 3.Nf3 b6 4.a3 Bb7 5.Nc3 d5 6.Bg5 Be7 7.Qa4+ c6 8.Bxf6 
Bxf6 9.cxd5 exd5 10.g3 O-O 11.Bg2 Re8 12.O-O Nd7 13.Rfd1 a5 14.Qb3 b5 15.
Rac1 Nb6 16.e3 Rb8 17.Nd2 g6 18.Ne2 Bg7 19.Nf4 Nc4 20.Nxc4 dxc4 21.Qc2 Qb6
22.b3 cxb3 23.Qxb3 Red8 24.Nd3 Ba8 25.Rd2 Rd7 26.Rdc2 Rc7 27.Nc5 a4 28.Qc3
Bf8 29.Rb1 Bxc5 30.Qxc5 Qxc5 31.Rxc5 Rcc8 32.Kf1 Kf8 33.Ke2 Ke7 34.Kd3 f5 
35.Kc3 Kd6 36.Kb4 Rc7 37.Rbc1 Rbc8 38.h3 Rf8 39.d5 Rfc8 40.dxc6 Bxc6 41.
Bxc6 Rxc6 42.Rxc6+ Rxc6 43.Rxc6+ Kxc6 44.f3 g5 45.g4 f4 46.exf4 gxf4 47.g5
Kd5 48.h4 Kd4 49.h5 Ke5 50.Kxb5 Kf5 51.Kxa4 Kxg5 52.Kb4 Kxh5 53.a4 Kh4 54.
a5 Kg3 55.a6 h5 56.a7 Kxf3 57.a8=Q+ Kg3 58.Qh1 h4 59.Kc3 f3 60.Kd2 f2 61.
Ke2 h3 62.Qf3+ Kh2 63.Qxf2+ Kh1 64.Kf1 1-0

[Event "21st Hoogeveen op"]
[Site "Hoogeveen NED"]
[Date "2017.10.27"]
[Round "8.33"]
[White "Fehr, Axel"]
[Black "Mellema, Andries"]
[Result "0-1"]
[WhiteElo "2081"]
[BlackElo "2164"]
[EventDate "2017.10.21"]
[PlyCount "82"]

1.Nf3 Nf6 2.b3 d5 3.Bb2 c5 4.g3 Nc6 5.Bg2 e6 6.O-O Be7 7.d3 O-O 8.Nbd2 b5 
9.a4 b4 10.e4 Ba6 11.Re1 Rc8 12.h4 Na5 13.exd5 exd5 14.Be5 Nd7 15.Ng5 Nxe5
16.Rxe5 Bb7 17.Qh5 h6 18.Bh3 Bf6 19.Rae1 Bxe5 20.Rxe5 Rc7 21.Ndf3 Nc6 22.
Re6 f6 23.Bf5 fxg5 24.Qg6 Rxf5 25.Re8+ Qxe8 26.Qxe8+ Rf8 27.Qe6+ Kh7 28.
hxg5 Nd4 29.g6+ Kh8 30.Nxd4 cxd4 31.Qd6 Rfc8 32.Qxb4 Ba8 33.Qxd4 Rxc2 34.
b4 Rf8 35.f4 Rfc8 36.f5 Ra2 37.Qe3 d4 38.Qf4 Re8 39.Qc1 Rae2 40.Kf1 Bg2+ 
41.Kg1 Re1+ 0-1

[Event "21st Hoogeveen op"]
[Site "Hoogeveen NED"]
[Date "2017.10.27"]
[Round "8.34"]
[White "Lindeman, Johan W"]
[Black "Kutchoukov, Daniel"]
[Result "0-1"]
[WhiteElo "2004"]
[BlackElo "1913"]
[EventDate "2017.10.21"]
[PlyCount "132"]

1.e4 c6 2.d4 d5 3.Nc3 dxe4 4.Nxe4 Bf5 5.Ng3 Bg6 6.h4 h6 7.Nf3 e6 8.Ne5 Bh7
9.Bd3 Bxd3 10.Qxd3 Nd7 11.f4 Bd6 12.Ne4 Ndf6 13.Nxd6+ Qxd6 14.Bd2 Ne7 15.
O-O-O Rf8 16.g4 O-O-O 17.Ba5 b6 18.Qa6+ Kb8 19.Rh3 Nc8 20.Rb3 c5 21.Rdd3 
Nd5 22.Qb5 Nxf4 23.Rf3 f6 24.Nc6+ Ka8 25.Nxd8 Rxd8 26.Bd2 Ng2 27.Rbd3 cxd4
28.Rf2 Nxh4 29.c3 e5 30.cxd4 exd4 31.Bb4 Qe6 32.Rc2 Ng6 33.Qc6+ Qxc6 34.
Rxc6 Ne5 35.Rcc3 Nxd3+ 36.Rxd3 Kb7 37.Kd2 Kc6 38.Ke2 Kd5 39.Bc3 Ke4 40.Bd2
Nd6 41.b3 Nf7 42.Rf3 Re8 43.Rf4+ Kd5+ 44.Kd3 Ne5+ 45.Kc2 Rc8+ 46.Kd1 Nd3 
47.Rf5+ Ke4 48.Bxh6 gxh6 49.Rxf6 Nb2+ 50.Kd2 d3 51.Re6+ Kd5 52.Rxh6 Rc2+ 
53.Ke3 d2 54.Rh5+ Kc6 55.Rh6+ Kc5 56.Rh5+ Kb4 57.Rd5 d1=Q 58.Rxd1 Nxd1+ 
59.Kf4 Kc5 60.g5 Kd4 61.g6 Rf2+ 62.Kg5 Ke5 63.g7 Rg2+ 64.Kh6 Kf6 65.g8=N+ 
Rxg8 66.b4 Rh8# 0-1

[Event "21st Hoogeveen knock-out"]
[Site "Hoogeveen NED"]
[Date "2017.10.27"]
[Round "1.1"]
[White "Kollars, Dmitrij"]
[Black "Saduakassova, Dinara"]
[Result "1/2-1/2"]
[WhiteElo "2498"]
[BlackElo "2448"]
[EventDate "2017.10.21"]
[PlyCount "114"]

1.e4 e5 2.Nf3 Nc6 3.d4 exd4 4.Nxd4 Qf6 5.Nxc6 Bc5 6.Qf3 Qxf3 7.gxf3 bxc6 
8.Be3 Bb6 9.Rg1 g6 10.Nc3 Ne7 11.Bc4 d6 12.h4 Be6 13.Bb3 d5 14.O-O-O Rd8 
15.Na4 d4 16.Bg5 c5 17.Bxe6 fxe6 18.c4 c6 19.b3 h6 20.Bxe7 Kxe7 21.Rxg6 
Rdf8 22.Rg3 Rf4 23.Rh1 Rhf8 24.Rhh3 Kd6 25.Nb2 Bd8 26.h5 Bh4 27.Rg7 Bg5 
28.e5+ Kxe5 29.Nd3+ Kf6 30.Rg6+ Ke7 31.Nxf4 Rxf4 32.Kc2 Rf5 33.Rg7+ Kd6 
34.Rxa7 e5 35.Kd3 Rf4 36.Rg7 e4+ 37.fxe4 Rxf2 38.Rxg5 hxg5 39.h6 Rf8 40.h7
Rh8 41.a4 g4 42.Rh5 g3 43.Ke2 g2 44.Kf2 d3 45.Rh3 Ke5 46.Rxd3 Rxh7 47.Kxg2
Kxe4 48.Rd6 Rb7 49.Rxc6 Kd4 50.Rd6+ Kc3 51.Rd5 Rxb3 52.Rxc5 Ra3 53.a5 Kb4 
54.Rc8 Rxa5 55.Kf3 Rc5 56.Rxc5 Kxc5 57.Ke4 Kxc4 1/2-1/2

[Event "21st Hoogeveen knock-out"]
[Site "Hoogeveen NED"]
[Date "2017.10.27"]
[Round "1.2"]
[White "Kollars, Dmitrij"]
[Black "Saduakassova, Dinara"]
[Result "1/2-1/2"]
[WhiteElo "2498"]
[BlackElo "2448"]
[EventDate "2017.10.21"]
[PlyCount "89"]

1.e4 e5 2.Nf3 Nc6 3.d4 exd4 4.Nxd4 Qf6 5.Nxc6 Bc5 6.Qf3 Qxf3 7.gxf3 bxc6 
8.Be3 Bb6 9.Nc3 d6 10.Rg1 g6 11.O-O-O Be6 12.Na4 Ne7 13.b3 O-O-O 14.Nxb6+ 
axb6 15.Bd3 Kb7 16.h4 d5 17.h5 Rd7 18.Rh1 Ra8 19.Kb2 c5 20.Bg5 Nc6 21.c3 
Ne5 22.Be2 d4 23.hxg6 hxg6 24.cxd4 cxd4 25.Bf6 d3 26.Bf1 Nxf3 27.Rxd3 Rxd3
28.Bxd3 g5 29.Be2 g4 30.Rh8 Rxh8 31.Bxh8 c5 32.Kc3 Ng1 33.Kd2 Nxe2 34.Kxe2
Kc6 35.Kd2 f5 36.exf5 Bxf5 37.a3 Be6 38.Kc3 b5 39.Bf6 Bd5 40.b4 c4 41.Bh4 
Bf3 42.Bg3 Be4 43.Bh4 Bf3 44.Bg3 Be4 45.Bh4 1/2-1/2

[Event "21st Hoogeveen knock-out"]
[Site "Hoogeveen NED"]
[Date "2017.10.27"]
[Round "1.3"]
[White "Kollars, Dmitrij"]
[Black "Saduakassova, Dinara"]
[Result "1/2-1/2"]
[WhiteElo "2498"]
[BlackElo "2448"]
[EventDate "2017.10.21"]
[PlyCount "133"]

1.e4 e5 2.Nf3 Nc6 3.Bb5 a6 4.Ba4 Nf6 5.O-O Be7 6.d3 b5 7.Bb3 d6 8.a4 Rb8 
9.axb5 axb5 10.Nc3 O-O 11.Nd5 Nxd5 12.Bxd5 Nb4 13.Bb3 Bb7 14.c3 Nc6 15.Be3
Qd7 16.d4 exd4 17.cxd4 Bf6 18.Re1 Ra8 19.Rxa8 Rxa8 20.Bd5 Nd8 21.Bxb7 Nxb7
22.Qc2 Nd8 23.e5 Be7 24.Bg5 Ne6 25.Bxe7 Qxe7 26.d5 Nf4 27.Qc6 Qd8 28.e6 
fxe6 29.dxe6 Qe8 30.Qxc7 Nd3 31.Rf1 Qxe6 32.Qb7 Rf8 33.Qxb5 Qe4 34.Rd1 Nf4
35.Qb3+ d5 36.g3 Ne6 37.Kg2 d4 38.Re1 Rxf3 39.Qxe6+ Qxe6 40.Rxe6 Rb3 41.
Re2 Kf7 42.Rd2 h5 43.Rxd4 Rxb2 44.Rf4+ Kg6 45.Rf8 Ra2 46.Kh3 Kg5 47.Rf4 
Rb2 48.Kg2 Kg6 49.Ra4 Kf6 50.Kf3 g6 51.Ke3 Kf7 52.h4 Kf6 53.f3 Rb5 54.Ke4 
Re5+ 55.Kf4 Rf5+ 56.Ke3 Rb5 57.g4 hxg4 58.fxg4 Kg7 59.g5 Rb1 60.Ke4 Rf1 
61.Ra7+ Kg8 62.Ke5 Rf2 63.Ra4 Kg7 64.Ra7+ Kg8 65.Ra4 Kg7 66.Ra7+ Kg8 67.
Ra4 1/2-1/2

[Event "21st Hoogeveen knock-out"]
[Site "Hoogeveen NED"]
[Date "2017.10.27"]
[Round "1.1"]
[White "Pruijssers, Roeland"]
[Black "Beerdsen, Thomas"]
[Result "1-0"]
[WhiteElo "2512"]
[BlackElo "2428"]
[EventDate "2017.10.21"]
[PlyCount "115"]

1.e4 e5 2.Nf3 Nc6 3.Bb5 Nf6 4.d3 Bc5 5.c3 O-O 6.O-O d6 7.Nbd2 Ne7 8.d4 
exd4 9.cxd4 Bb6 10.Re1 c6 11.Bf1 Ng6 12.b4 Bg4 13.Bb2 Nh4 14.h3 Nxf3+ 15.
Nxf3 Bh5 16.a4 a6 17.Ra3 d5 18.e5 Ne4 19.Bd3 Ng5 20.Be2 Ne6 21.a5 Ba7 22.
Nh2 Bxe2 23.Rxe2 f6 24.exf6 Qxf6 25.Rf3 Nf4 26.Ree3 h5 27.Kh1 Qh6 28.Bc1 
g5 29.Re5 Rae8 30.Rxe8 Rxe8 31.h4 Bxd4 32.hxg5 Qe6 33.Be3 Be5 34.Bxf4 Bxf4
35.Rxf4 Qe1+ 36.Qxe1 Rxe1+ 37.Nf1 Rxf1+ 38.Kh2 Kg7 39.Rf6 Rb1 40.f4 Rxb4 
41.g4 h4 42.Kh3 c5 43.f5 d4 44.Rd6 d3 45.Rd7+ Kg8 46.Rxd3 Rd4 47.Rc3 c4 
48.Kxh4 Kg7 49.Kg3 Kf7 50.Kf3 Kg7 51.Re3 Kf7 52.g6+ Kf6 53.Re6+ Kg7 54.
Re7+ Kf8 55.f6 Rd3+ 56.Ke2 Rd8 57.Rh7 Re8+ 58.Kd2 1-0

[Event "21st Hoogeveen knock-out"]
[Site "Hoogeveen NED"]
[Date "2017.10.27"]
[Round "1.4"]
[White "Saduakassova, Dinara"]
[Black "Kollars, Dmitrij"]
[Result "1/2-1/2"]
[WhiteElo "2448"]
[BlackElo "2498"]
[EventDate "2017.10.21"]
[PlyCount "70"]

1.d4 d5 2.c4 e6 3.Nf3 Nf6 4.g3 Bb4+ 5.Bd2 Bd6 6.Bg2 O-O 7.O-O Nbd7 8.Qc2 
c6 9.b3 Ne4 10.Nc3 Nxd2 11.Nxd2 f5 12.Nf3 Nf6 13.e3 b6 14.Ne2 Bb7 15.Nf4 
Qe7 16.Ne5 Rac8 17.Rac1 Ne4 18.f3 Bxe5 19.dxe5 Nc5 20.Nd3 Nxd3 21.Qxd3 
Rfd8 22.Qc3 c5 23.Rfd1 dxc4 24.Qxc4 Bd5 25.Qc2 Bc6 26.f4 Bxg2 27.Qxg2 
Rxd1+ 28.Rxd1 Rd8 29.Rxd8+ Qxd8 30.Qc6 Qd1+ 31.Kg2 Qe2+ 32.Kh3 Qg4+ 33.Kg2
Qe2+ 34.Kh3 Qg4+ 35.Kg2 Qe2+ 1/2-1/2

[Event "21st Hoogeveen knock-out"]
[Site "Hoogeveen NED"]
[Date "2017.10.27"]
[Round "1.5"]
[White "Saduakassova, Dinara"]
[Black "Kollars, Dmitrij"]
[Result "1/2-1/2"]
[WhiteElo "2448"]
[BlackElo "2498"]
[EventDate "2017.10.21"]
[PlyCount "83"]

1.d4 d5 2.c4 c6 3.cxd5 cxd5 4.Bf4 Nc6 5.e3 Nf6 6.Nc3 Bg4 7.Qb3 Na5 8.Qa4+ 
Bd7 9.Qd1 e6 10.Nf3 Be7 11.Bd3 O-O 12.Ne5 Rc8 13.O-O Nc4 14.Qe2 Nd6 15.
Nxd7 Qxd7 16.Rfc1 a6 17.Be5 Nc4 18.Bxc4 Rxc4 19.b3 Rcc8 20.Na4 Rc6 21.Bxf6
Bxf6 22.Nc5 Qc7 23.f4 Rc8 24.Nd3 Qa5 25.Rxc6 Rxc6 26.Rc1 Rxc1+ 27.Nxc1 Qc3
28.Nd3 Be7 29.Ne5 Bd6 30.Kf2 Bxe5 31.fxe5 Kf8 32.Qe1 Qc2+ 33.Kg1 Ke8 34.
Qb4 Qb1+ 35.Kf2 Qxa2+ 36.Kf3 b5 37.Qd6 Qxb3 38.Qb8+ Ke7 39.Qb7+ Ke8 40.
Qb8+ Ke7 41.Qb7+ Ke8 42.Qb8+ 1/2-1/2

[Event "21st Hoogeveen knock-out"]
[Site "Hoogeveen NED"]
[Date "2017.10.27"]
[Round "1.6"]
[White "Saduakassova, Dinara"]
[Black "Kollars, Dmitrij"]
[Result "0-1"]
[WhiteElo "2448"]
[BlackElo "2498"]
[EventDate "2017.10.21"]
[PlyCount "138"]

1.d4 d5 2.c4 c6 3.Nf3 Nf6 4.e3 e6 5.Bd3 Nbd7 6.O-O Bd6 7.Nc3 O-O 8.e4 dxc4
9.Bxc4 e5 10.Be3 b5 11.Bb3 Qe7 12.Qc2 Bb7 13.Nh4 g6 14.Nf3 exd4 15.Bxd4 c5
16.Bxf6 Nxf6 17.Nd5 Bxd5 18.Bxd5 Nxd5 19.exd5 Qf6 20.Rad1 Rfe8 21.b3 a6 
22.Rfe1 Qf4 23.Qc1 Qxc1 24.Rxc1 Rad8 25.Kf1 Kf8 26.h4 Rxe1+ 27.Rxe1 Be7 
28.Rd1 Bf6 29.Ke2 Ke7 30.g4 Kd6 31.Ng5 Re8+ 32.Kf3 Bxg5 33.hxg5 Re5 34.Rh1
Rxg5 35.Rxh7 f5 36.Ra7 Rxg4 37.Rxa6+ Kxd5 38.Ra8 Kd4 39.a4 bxa4 40.bxa4 
Kc3 41.Rc8 Kb4 42.a5 Rg1 43.a6 Ra1 44.Rc6 c4 45.Rxg6 c3 46.Rc6 Kb3 47.Kf4 
c2 48.Kxf5 Ra5+ 49.Kg4 Rxa6 50.Rxa6 c1=Q 51.Rb6+ Ka4 52.Rf6 Qc8+ 53.Kg5 
Qg8+ 54.Kf5 Kb4 55.f4 Kc4 56.Re6 Qf7+ 57.Ke5 Qg7+ 58.Kf5 Kd5 59.Re5+ Kd4 
60.Re6 Qf7+ 61.Rf6 Qh7+ 62.Ke6 Ke4 63.f5 Qc7 64.Rf7 Qc6+ 65.Ke7 Ke5 66.f6 
Qc8 67.Rg7 Qc7+ 68.Kf8 Qd6+ 69.Kg8 Kxf6 0-1

[Event "21st Hoogeveen op"]
[Site "Hoogeveen NED"]
[Date "2017.10.28"]
[Round "9.1"]
[White "Xu Xiangyu"]
[Black "Kuipers, Stefan"]
[Result "0-1"]
[WhiteElo "2549"]
[BlackElo "2411"]
[EventDate "2017.10.21"]
[PlyCount "90"]

1.d4 d5 2.c4 c6 3.Nf3 Nf6 4.Nc3 e6 5.Bg5 Nbd7 6.e3 Qa5 7.Nd2 Bb4 8.Qc2 O-O
9.Be2 e5 10.Bxf6 Nxf6 11.dxe5 Ne4 12.Ndxe4 dxe4 13.O-O-O Bxc3 14.Qxc3 Qxa2
15.Kc2 Qa4+ 16.b3 Qa2+ 17.Qb2 Qa5 18.Rd6 Re8 19.Rhd1 Kf8 20.g4 Qxe5 21.
Qxe5 Rxe5 22.Kc3 Re8 23.h3 c5 24.Bf1 b6 25.Rc6 h6 26.Rc7 f5 27.Be2 fxg4 
28.hxg4 Be6 29.f4 Re7 30.Rc6 Kf7 31.f5 Bc8 32.Rf1 Rd7 33.g5 hxg5 34.Rg6 
Bb7 35.Bh5 Rh8 36.Rxg5+ Kf8 37.Rf2 Rh6 38.Kc2 Bc6 39.Bg4 Rd3 40.Rg2 Rxe3 
41.Bd1 Rh7 42.Rg6 Bd7 43.Rf2 Kf7 44.Rg5 Reh3 45.Rf4 Kf6 0-1

[Event "21st Hoogeveen op"]
[Site "Hoogeveen NED"]
[Date "2017.10.28"]
[Round "9.2"]
[White "Kuljasevic, Davorin"]
[Black "Okkes, Menno"]
[Result "1-0"]
[WhiteElo "2549"]
[BlackElo "2332"]
[EventDate "2017.10.21"]
[PlyCount "69"]

1.d4 Nf6 2.c4 g6 3.Nf3 Bg7 4.g3 c5 5.Bg2 O-O 6.Nc3 Nc6 7.d5 Na5 8.Nd2 d6 
9.O-O a6 10.Qc2 Rb8 11.b3 b5 12.Rb1 e5 13.cxb5 axb5 14.b4 cxb4 15.Rxb4 Bd7
16.Ba3 Qc7 17.Qd3 e4 18.Ncxe4 Nxe4 19.Bxe4 Nb7 20.Bb2 Nc5 21.Qc2 Qa5 22.a3
Ra8 23.Bxg7 Kxg7 24.Qb2+ f6 25.Ra1 Rfc8 26.Bf3 Qd8 27.h4 Ra4 28.Rc1 Qe7 
29.Nb3 Qe5 30.Qxe5 fxe5 31.Nxc5 dxc5 32.Rxa4 bxa4 33.Rb1 Kf8 34.Rb7 Ke8 
35.Rxd7 1-0

[Event "21st Hoogeveen op"]
[Site "Hoogeveen NED"]
[Date "2017.10.28"]
[Round "9.3"]
[White "Ernst, Sipke"]
[Black "Buckels, Valentin"]
[Result "1-0"]
[WhiteElo "2548"]
[BlackElo "2318"]
[EventDate "2017.10.21"]
[PlyCount "73"]

1.g3 d5 2.Bg2 Nf6 3.Nf3 Bf5 4.c4 e6 5.O-O c6 6.d3 h6 7.cxd5 exd5 8.Nc3 Be7
9.Nd4 Bh7 10.e4 dxe4 11.dxe4 Nbd7 12.Re1 Ne5 13.Bf4 Nfd7 14.Qe2 O-O 15.
Rad1 Qa5 16.Nb3 Qa6 17.Qxa6 bxa6 18.Be3 Rfd8 19.f4 Nc4 20.Bc1 a5 21.Nd4 
Bc5 22.Na4 Bxd4+ 23.Rxd4 Ndb6 24.Red1 Rxd4 25.Rxd4 c5 26.Nxc5 Rc8 27.b3 f5
28.bxc4 Rxc5 29.e5 Bg6 30.Ba3 Rxc4 31.Bd5+ Nxd5 32.Rxc4 Bf7 33.Rc8+ Kh7 
34.Ra8 a4 35.Rxa7 Be8 36.e6 Kg6 37.Bb2 1-0

[Event "21st Hoogeveen op"]
[Site "Hoogeveen NED"]
[Date "2017.10.28"]
[Round "9.4"]
[White "Engel, Luis"]
[Black "Gritsak, Orest"]
[Result "1/2-1/2"]
[WhiteElo "2344"]
[BlackElo "2468"]
[EventDate "2017.10.21"]
[PlyCount "92"]

1.e4 c5 2.Nf3 e6 3.d4 cxd4 4.Nxd4 a6 5.Bd3 g6 6.O-O Bg7 7.Nb3 Ne7 8.f4 d6 
9.Nc3 Nbc6 10.Be3 O-O 11.Qd2 b5 12.Rad1 Qc7 13.Kh1 Rb8 14.f5 exf5 15.Bh6 
Bxh6 16.Qxh6 f6 17.exf5 Bxf5 18.Bxf5 Nxf5 19.Qf4 Ne5 20.Ne4 Nc4 21.Nd4 
Nxd4 22.Rxd4 f5 23.Nxd6 Nxb2 24.Qe5 Qg7 25.Qd5+ Kh8 26.g4 Nc4 27.Nxc4 bxc4
28.gxf5 Rxf5 29.Rxf5 gxf5 30.Rd1 Qb7 31.Qxb7 Rxb7 32.Rd4 Rb2 33.Rxc4 Rxa2 
34.Kg2 a5 35.Rc5 a4 36.Rxf5 Rxc2+ 37.Kg3 a3 38.Ra5 a2 39.Ra7 Kg8 40.h4 Kf8
41.Kg4 Ke8 42.Kg5 Rh2 43.h5 Kd8 44.Kh6 Kc8 45.Kg7 Kb8 46.Ra3 Rxh5 1/2-1/2

[Event "21st Hoogeveen op"]
[Site "Hoogeveen NED"]
[Date "2017.10.28"]
[Round "9.5"]
[White "Carlstedt, Jonathan"]
[Black "Tania, Sachdev"]
[Result "0-1"]
[WhiteElo "2413"]
[BlackElo "2386"]
[EventDate "2017.10.21"]
[PlyCount "54"]

1.d4 Nf6 2.Nf3 b6 3.Bf4 Bb7 4.e3 g6 5.Nbd2 Bg7 6.Bd3 d6 7.h3 Nbd7 8.O-O 
O-O 9.Bh2 Re8 10.e4 e5 11.d5 c6 12.c4 Nc5 13.Bc2 cxd5 14.exd5 b5 15.cxb5 
Nxd5 16.Nc4 Nb4 17.Bb3 Bxf3 18.Qxf3 d5 19.Rad1 Nbd3 20.Nxe5 Bxe5 21.Bxd5 
Bxh2+ 22.Kxh2 Qc7+ 23.Kh1 Rad8 24.Bc6 Re7 25.Rd2 Ne5 26.Rxd8+ Qxd8 27.Rd1 
Ncd3 0-1

[Event "21st Hoogeveen op"]
[Site "Hoogeveen NED"]
[Date "2017.10.28"]
[Round "9.6"]
[White "Colijn, Stefan"]
[Black "Maris, Ivo"]
[Result "1-0"]
[WhiteElo "2308"]
[BlackElo "2340"]
[EventDate "2017.10.21"]
[PlyCount "129"]

1.d4 Nf6 2.Nf3 e6 3.Bf4 d5 4.e3 c5 5.c3 Nc6 6.Nbd2 cxd4 7.exd4 Nh5 8.Be3 
Bd6 9.Ne5 g6 10.f4 f6 11.Nd3 Ng7 12.Be2 Qc7 13.g3 b6 14.Bf2 a5 15.Rc1 Bb7 
16.Bf3 Nf5 17.O-O h5 18.Re1 Kf7 19.Bh1 g5 20.fxg5 h4 21.g6+ Kg7 22.Nf1 
hxg3 23.hxg3 Bxg3 24.Nxg3 Nxg3 25.Bg2 Ne4 26.Qg4 Qh2+ 27.Kf1 Rae8 28.Re3 
Ba6 29.Bg1 Rh4 30.Bxh2 Rxg4 31.Kg1 Bxd3 32.Rxd3 Rc8 33.Kf1 f5 34.Rh3 Rxg6 
35.a4 Kf6 36.Rd1 Rcg8 37.Bxe4 fxe4 38.Rd2 e5 39.dxe5+ Ke6 40.Rh5 Rg5 41.
Rh6+ R5g6 42.Rh5 e3 43.Rd3 Rf8+ 44.Ke2 d4 45.cxd4 Nb4 46.Rc3 Rg2+ 47.Kxe3 
Nd5+ 48.Ke4 Re2+ 49.Kd3 Re3+ 50.Kc4 Rc8+ 51.Kb5 Rexc3 52.Rh6+ Kf5 53.bxc3 
Rxc3 54.Rd6 Ke4 55.e6 Rc8 56.Be5 Nc3+ 57.Kxb6 Nxa4+ 58.Kb7 Re8 59.Kc7 Ra8 
60.e7 Nc5 61.dxc5 Kxe5 62.Kd7 Ra7+ 63.Ke8 Rc7 64.Kf8 Rxc5 65.Rd8 1-0

[Event "21st Hoogeveen op"]
[Site "Hoogeveen NED"]
[Date "2017.10.28"]
[Round "9.7"]
[White "Videnova, Iva"]
[Black "Schippers, Maurice"]
[Result "1/2-1/2"]
[WhiteElo "2326"]
[BlackElo "2289"]
[EventDate "2017.10.21"]
[PlyCount "151"]

1.e4 c5 2.Nf3 Nc6 3.d4 cxd4 4.Nxd4 g6 5.c4 Nf6 6.Nc3 Nxd4 7.Qxd4 d6 8.f3 
Bg7 9.Be3 O-O 10.Qd2 Be6 11.Be2 Qa5 12.Rc1 Rfc8 13.b3 a6 14.Na4 Qxd2+ 15.
Kxd2 Nd7 16.g4 f5 17.gxf5 gxf5 18.Rhg1 Kh8 19.Nc3 Rf8 20.Nd5 Bxd5 21.cxd5 
f4 22.Bf2 Rac8 23.Rxc8 Rxc8 24.Rc1 Rxc1 25.Kxc1 Kg8 26.Kd2 Kf7 27.Bf1 Ke8 
28.Bh3 Kd8 29.Bf5 h6 30.Bxd7 Kxd7 31.Kd3 h5 32.Bb6 Bf6 33.a4 Ke8 34.Kc4 
Kd7 35.b4 Bb2 36.Bd4 b5+ 37.axb5 axb5+ 38.Kd3 Ba3 39.Bc3 Bc1 40.e5 e6 41.
Ke4 exd5+ 42.Kxd5 dxe5 43.Bxe5 Be3 44.h3 Bd2 45.Kc5 Ke6 46.Bc7 Be3+ 47.Kc6
Bd2 48.Kxb5 Kd5 49.Bb6 Be3 50.Bc7 Bd2 51.Bb6 Be3 52.Bd8 Bd2 53.Bf6 Ke6 54.
Bg7 Kd5 55.Bb2 Be3 56.Bc3 Bf2 57.Bg7 Be1 58.Bh6 Bd2 59.Bg7 Be1 60.Bf6 Bd2 
61.Ba1 Be1 62.Bh8 Bd2 63.Bb2 Be3 64.Bf6 Bd2 65.Be7 Be3 66.Bc5 Bd2 67.Ba7 
Be3 68.Bb6 Bd2 69.Bc7 Be3 70.Ka6 Kc4 71.b5 Kd3 72.b6 Bxb6 73.Bxf4 Ke2 74.
Kxb6 Kxf3 75.Bg5 h4 76.Bxh4 1/2-1/2

[Event "21st Hoogeveen op"]
[Site "Hoogeveen NED"]
[Date "2017.10.28"]
[Round "9.8"]
[White "De Boer, Eelke"]
[Black "Van Foreest, Lucas"]
[Result "0-1"]
[WhiteElo "2301"]
[BlackElo "2489"]
[EventDate "2017.10.21"]
[PlyCount "90"]

1.e4 e5 2.Nf3 Nc6 3.Bb5 a6 4.Ba4 Nf6 5.O-O Be7 6.d3 b5 7.Bb3 d6 8.a3 Be6 
9.Bxe6 fxe6 10.Re1 O-O 11.c3 Qd7 12.d4 exd4 13.cxd4 d5 14.e5 Nh5 15.Be3 
Qe8 16.Nbd2 Rc8 17.Qc2 Na5 18.b3 c6 19.Qc3 Nb7 20.b4 Nf4 21.h4 Ng6 22.g3 
Rf5 23.Kg2 Nf8 24.Nb3 Nd7 25.Rh1 Nb6 26.g4 Rf8 27.h5 Nc4 28.Rh3 a5 29.Nc5 
Nxc5 30.dxc5 Ra8 31.Bc1 Qf7 32.Qd4 h6 33.Rg3 Kh8 34.Rh3 axb4 35.axb4 Ra4 
36.Rxa4 bxa4 37.Rg3 a3 38.Ne1 Nxe5 39.Bxa3 Bh4 40.Qxe5 Qxf2+ 41.Kh3 Bxg3 
42.Qxg3 Qe2 43.g5 hxg5 44.h6 gxh6 45.Bc1 Rf1 0-1

[Event "21st Hoogeveen op"]
[Site "Hoogeveen NED"]
[Date "2017.10.28"]
[Round "9.9"]
[White "Schoppen, Casper"]
[Black "Sparenberg, Erik"]
[Result "1/2-1/2"]
[WhiteElo "2440"]
[BlackElo "2175"]
[EventDate "2017.10.21"]
[PlyCount "86"]

1.e4 e5 2.Nf3 Nc6 3.Bc4 Nf6 4.d3 Be7 5.O-O O-O 6.c3 d6 7.Bb3 Na5 8.Bc2 c5 
9.Nbd2 Re8 10.Re1 Nc6 11.a4 Bf8 12.h3 g6 13.Nc4 Bg7 14.Bg5 Qc7 15.Ne3 b6 
16.Bb3 Bb7 17.Nh2 h6 18.Bxf6 Bxf6 19.Qf3 Bg7 20.Nhg4 Rf8 21.Nd5 Qd8 22.
Nge3 Qh4 23.Qg3 Qd8 24.f4 exf4 25.Nxf4 Kh7 26.Bd5 Rb8 27.Rad1 Qd7 28.h4 
Bc8 29.Qf2 Ne7 30.Nc4 Ba6 31.Ne3 Bc8 32.Ra1 Be5 33.Nc4 Ba6 34.Rad1 Bxf4 
35.Qxf4 Nxd5 36.exd5 Bxc4 37.dxc4 Rbe8 38.b3 Rxe1+ 39.Rxe1 Re8 40.Rxe8 
Qxe8 41.Qxd6 Qe1+ 42.Kh2 Qxh4+ 43.Kg1 Qe1+ 1/2-1/2

[Event "21st Hoogeveen op"]
[Site "Hoogeveen NED"]
[Date "2017.10.28"]
[Round "9.10"]
[White "O'Gorman, Tom"]
[Black "Paszewski, Mateusz"]
[Result "1/2-1/2"]
[WhiteElo "2240"]
[BlackElo "2289"]
[EventDate "2017.10.21"]
[PlyCount "55"]

1.e4 c5 2.Nf3 d6 3.d4 cxd4 4.Nxd4 Nf6 5.Nc3 g6 6.Be3 Bg7 7.f3 O-O 8.Qd2 
Nc6 9.Bc4 Bd7 10.O-O-O Rc8 11.Bb3 Nxd4 12.Bxd4 b5 13.h4 a5 14.h5 a4 15.
Bxf6 Bxf6 16.hxg6 e6 17.e5 Bg7 18.Rxh7 fxg6 19.Rdh1 Bxe5 20.Nd5 axb3 21.
Qh6 Rxc2+ 22.Kd1 Rxg2 23.Ne7+ Qxe7 24.Rxe7 Rxf3 25.Qh7+ Kf8 26.axb3 Rff2 
27.Qh4 Rd2+ 28.Kc1 1/2-1/2

[Event "21st Hoogeveen op"]
[Site "Hoogeveen NED"]
[Date "2017.10.28"]
[Round "9.11"]
[White "Wempe, Joost"]
[Black "Nicolai, Amir"]
[Result "1-0"]
[WhiteElo "2289"]
[BlackElo "2019"]
[EventDate "2017.10.21"]
[PlyCount "51"]

1.d4 g6 2.c4 Bg7 3.e4 d6 4.Nc3 e5 5.Nf3 exd4 6.Nxd4 Nc6 7.Nxc6 bxc6 8.g3 
Be6 9.Bg2 Ne7 10.Qd3 Qd7 11.O-O Bh3 12.Bxh3 Qxh3 13.f4 h5 14.f5 Be5 15.Bf4
gxf5 16.exf5 Qxf5 17.Ne4 d5 18.Bxe5 Qxe5 19.Nf6+ Kd8 20.Rae1 Qd6 21.b3 Kc8
22.Qe3 Ng8 23.Ne8 Qd8 24.Rxf7 Nh6 25.Rxc7+ Kb8 26.Qe5 1-0

[Event "21st Hoogeveen op"]
[Site "Hoogeveen NED"]
[Date "2017.10.28"]
[Round "9.12"]
[White "Colbow, Collin"]
[Black "Heemskerk, Wim"]
[Result "1/2-1/2"]
[WhiteElo "1945"]
[BlackElo "2179"]
[EventDate "2017.10.21"]
[PlyCount "41"]

1.e4 e6 2.d4 d5 3.Nd2 c5 4.exd5 exd5 5.Ngf3 Nf6 6.dxc5 Bxc5 7.Nb3 Bb6 8.
Be2 O-O 9.O-O Nc6 10.c3 Ne4 11.Nbd4 Re8 12.Be3 Bg4 13.h3 Bh5 14.Nf5 Bxe3 
15.Nxe3 Ng3 16.fxg3 Rxe3 17.g4 Bg6 18.Qd2 Qb6 19.Kh1 Rae8 20.Rae1 h6 21.
Bd1 1/2-1/2

[Event "21st Hoogeveen op"]
[Site "Hoogeveen NED"]
[Date "2017.10.28"]
[Round "9.13"]
[White "Molenaar, Christiaan"]
[Black "Jonkman, Harmen"]
[Result "1/2-1/2"]
[WhiteElo "2112"]
[BlackElo "2410"]
[EventDate "2017.10.21"]
[PlyCount "105"]

1.f4 d5 2.Nf3 g6 3.e3 Bg7 4.Be2 c5 5.d3 Nc6 6.O-O Nf6 7.Nc3 O-O 8.Ne5 Qc7 
9.Nxc6 Qxc6 10.Bf3 b5 11.e4 e6 12.Qe1 b4 13.Nd1 a5 14.c4 bxc3 15.bxc3 Qa6 
16.e5 Nd7 17.Qe3 Rb8 18.Nf2 Qb5 19.h4 Ba6 20.h5 d4 21.cxd4 cxd4 22.Qe2 
Rfc8 23.hxg6 hxg6 24.Be4 Nc5 25.Rd1 Na4 26.Qg4 Qe8 27.Nh3 Nc3 28.Re1 Nxe4 
29.dxe4 Rc2 30.Ng5 Qa4 31.f5 exf5 32.exf5 Bb7 33.Nf3 gxf5 34.Qxf5 Bxf3 35.
Qxf3 Rxa2 36.Rf1 Qc4 37.Rxa2 Qxa2 38.Qg3 Rb1 39.Kh2 Qe2 40.Re1 Qh5+ 41.Kg1
Qf5 42.Rf1 Qxe5 43.Qf3 f5 44.Qc6 Kh7 45.Kf2 Rb2+ 46.Kg1 Qb5 47.Qf3 Rb3 48.
Qh5+ Kg8 49.Rxf5 Qd7 50.Rd5 Qe7 51.Bf4 Rb1+ 52.Kh2 Rf1 53.Be5 1/2-1/2

[Event "21st Hoogeveen op"]
[Site "Hoogeveen NED"]
[Date "2017.10.28"]
[Round "9.14"]
[White "Warakomska, Anna"]
[Black "Van Foreest, Machteld"]
[Result "1-0"]
[WhiteElo "2295"]
[BlackElo "1829"]
[EventDate "2017.10.21"]
[PlyCount "69"]

1.d4 d5 2.c4 c6 3.Nf3 Nf6 4.e3 e6 5.b3 Bd6 6.Bb2 O-O 7.Bd3 Re8 8.O-O b6 9.
Nc3 Nbd7 10.Qc2 Bb7 11.e4 dxe4 12.Nxe4 Nxe4 13.Bxe4 Nf6 14.Bd3 c5 15.dxc5 
bxc5 16.Bxf6 Qxf6 17.Bxh7+ Kh8 18.Be4 Rab8 19.Rad1 Red8 20.Bxb7 Rxb7 21.
Rd2 Rbd7 22.Rfd1 Kg8 23.Kf1 Kf8 24.Qe4 Ke7 25.g3 a5 26.Kg2 Bc7 27.Qc6 Bd6 
28.Rd3 Qf5 29.h4 f6 30.Re3 g5 31.Qd5 e5 32.hxg5 Rh8 33.gxf6+ Kxf6 34.Nh4 
Qg5 35.f4 1-0

[Event "21st Hoogeveen op"]
[Site "Hoogeveen NED"]
[Date "2017.10.28"]
[Round "9.15"]
[White "Van Dael, Siem"]
[Black "Taams, Sander"]
[Result "1-0"]
[WhiteElo "2286"]
[BlackElo "1954"]
[EventDate "2017.10.21"]
[PlyCount "47"]

1.e4 c5 2.Nf3 d6 3.d4 cxd4 4.Nxd4 Nf6 5.Nc3 a6 6.Be3 e6 7.f3 b5 8.Qd2 Nbd7
9.O-O-O b4 10.Na4 Qa5 11.b3 Bb7 12.Kb1 Qc7 13.g4 h6 14.h4 d5 15.Bh3 e5 16.
g5 exd4 17.Qxd4 Rd8 18.gxf6 Nxf6 19.e5 Nd7 20.Rhe1 Nxe5 21.Bf4 f6 22.Bxe5 
fxe5 23.Rxe5+ Be7 24.Rde1 1-0

[Event "21st Hoogeveen op"]
[Site "Hoogeveen NED"]
[Date "2017.10.28"]
[Round "9.16"]
[White "Damen, Jip"]
[Black "Strating, Sybolt"]
[Result "1-0"]
[WhiteElo "2016"]
[BlackElo "2262"]
[EventDate "2017.10.21"]
[PlyCount "73"]

1.e4 c6 2.Nc3 d5 3.Nf3 Nf6 4.e5 Ne4 5.d4 Bg4 6.h3 Nxc3 7.bxc3 Bxf3 8.Qxf3 
e6 9.Bd3 Qa5 10.Bd2 Nd7 11.Qe2 Qa4 12.O-O Nb6 13.Rfb1 O-O-O 14.Qd1 Rd7 15.
a3 Nc4 16.Qe2 Be7 17.Be3 b5 18.Qd1 Nb6 19.Bd2 Nc4 20.Rb4 Qa5 21.Rb3 Qa6 
22.a4 bxa4 23.Qb1 Rb7 24.Rxa4 Qxa4 25.Rxb7 Bd8 26.Bxc4 Bc7 27.Bd3 Rf8 28.
Rb2 c5 29.Ra2 Qc6 30.Bb5 Qb6 31.dxc5 Qxc5 32.Be3 Qxc3 33.Rxa7 Qxe5 34.Ra8+
Bb8 35.Ba6+ Kd7 36.Qb7+ Bc7 37.Rxf8 1-0